Welcome to CU Library Online Public Access Catalogue (OPAC)

Africa in crisis : (Record no. 3800)

MARC details
000 -LEADER
fixed length control field 01057cam a2200301 a 4500
001 - CONTROL NUMBER
control field 1149144
005 - DATE AND TIME OF LATEST TRANSACTION
control field 20250210201014.0
008 - FIXED-LENGTH DATA ELEMENTS--GENERAL INFORMATION
fixed length control field 950313s1986 paua b 000 0 eng
020 ## - INTERNATIONAL STANDARD BOOK NUMBER
International Standard Book Number 0865710813 (pbk.)
020 ## - INTERNATIONAL STANDARD BOOK NUMBER
International Standard Book Number 0865710821
050 00 - LIBRARY OF CONGRESS CALL NUMBER
Classification number HC800.Z9
Item number F38 1986
082 00 - DEWEY DECIMAL CLASSIFICATION NUMBER
Classification number 363.8/096
Edition information 20
100 1# - MAIN ENTRY--PERSONAL NAME
Personal name Timberlake, Lloyd.
245 10 - TITLE STATEMENT
Title Africa in crisis :
Remainder of title the causes, the cures of environmental bankruptcy /
Statement of responsibility, etc. by Lloyd Timberlake ; edited by Jon Tinker.
260 ## - PUBLICATION, DISTRIBUTION, ETC.
Place of publication, distribution, etc. Philadelphia, PA :
Name of publisher, distributor, etc. New Society Publishers,
Date of publication, distribution, etc. c1986.
300 ## - PHYSICAL DESCRIPTION
Extent 232 p. :
Other physical details ill. ;
Dimensions 21 cm.
440 #3 - SERIES STATEMENT/ADDED ENTRY--TITLE
Title An Earthscan book
440 #3 - SERIES STATEMENT/ADDED ENTRY--TITLE
Title An Earthscan paperback
500 ## - GENERAL NOTE
General note "Published in cooperation with the International Institute for Environment and Development, London and Washington, DC."
650 #0 - SUBJECT ADDED ENTRY--TOPICAL TERM
Topical term or geographic name entry element Famines
Geographic subdivision Africa.
650 #0 - SUBJECT ADDED ENTRY--TOPICAL TERM
Topical term or geographic name entry element Food supply
Geographic subdivision Africa.
650 #0 - SUBJECT ADDED ENTRY--TOPICAL TERM
Topical term or geographic name entry element Land use, Rural
Geographic subdivision Africa.
650 #0 - SUBJECT ADDED ENTRY--TOPICAL TERM
Topical term or geographic name entry element Peasants
Geographic subdivision Africa.
650 #0 - SUBJECT ADDED ENTRY--TOPICAL TERM
Topical term or geographic name entry element Apartheid
Geographic subdivision South Africa.
650 #0 - SUBJECT ADDED ENTRY--TOPICAL TERM
Topical term or geographic name entry element Agriculture and state
Geographic subdivision Africa.
700 1# - ADDED ENTRY--PERSONAL NAME
Personal name Tinker, Jon.
942 ## - ADDED ENTRY ELEMENTS (KOHA)
Source of classification or shelving scheme Library of Congress Classification
Koha item type Books
Suppress in OPAC No
999 ## -
-- 3800
-- 3800
Holdings
Withdrawn status Lost status Source of classification or shelving scheme Damaged status Not for loan Collection Home library Current library Shelving location Date acquired Total checkouts Full call number Barcode Date last seen Copy number Price effective from Koha item type
    Library of Congress Classification     Non-fiction Business Library (Miotso) Business Library (Miotso) General stacks 02/10/2025   HC800.Z9 F38 1986 BSSM00000783 02/10/2025 1 02/10/2025 Books
© 2023-2024 Copyright: Central University Libraries. All Rights Reserved | Created by: Mahone Tech Office